000
00226nam a2200097Ia 4500
008
240331s9999 xx 000 0 und d
082
_b
PUT
100
_a
Shanmugasundaram, S . ed
245
0
_a
Puthuvai naattuppurviyal
942
_c
L
999
_c
3646
_d
3646